Essentials of business economics / (Record no. 38691)
[ view plain ]
| 000 -LEADER | |
|---|---|
| fixed length control field | 00801nam a22002417a 4500 |
| 005 - DATE AND TIME OF LATEST TRANSACTION | |
| control field | 20100802143657.0 |
| 010 ## - LCCN (DPL NO) | |
| LC control number | ENG-97285 |
| 020 ## - INTERNATIONAL STANDARD BOOK NUMBER | |
| International Standard Book Number | 9788125924005 |
| Terms of availability | 240.00 |
| 035 ## - SYSTEM CONTROL NUMBER | |
| System control number | EN-80818 |
| 037 ## - SOURCE OF ACQUISITION | |
| Source of stock number/acquisition | DBAD/PUB |
| 082 ## - DEWEY DECIMAL CLASSIFICATION NUMBER | |
| Classification number | 338.5024658 |
| 100 ## - MAIN ENTRY--PERSONAL NAME | |
| Personal name | Dwivedi, D.N |
| 245 ## - TITLE STATEMENT | |
| Title | Essentials of business economics / |
| Statement of responsibility, etc | by D.N Dwivedi |
| 260 ## - PUBLICATION, DISTRIBUTION, ETC. (IMPRINT) | |
| Place of publication, distribution, etc | New Delhi |
| Name of publisher, distributor, etc | Vikas Publishing House |
| Date of publication, distribution, etc | 2009 |
| 270 ## - ADDRESS | |
| Address | A-22,Sector-4,Noida |
| City | New Delhi |
| Postal code | 110014 |
| 300 ## - PHYSICAL DESCRIPTION | |
| Extent | xvi,452p. |
| Dimensions | 23 cm(pbk) |
| 500 ## - GENERAL NOTE | |
| General note | Includes indexes. |
| 700 ## - ADDED ENTRY--PERSONAL NAME | |
| 9 (RLIN) | 3949 |
| 700 ## - ADDED ENTRY--PERSONAL NAME | |
| 9 (RLIN) | 4010 |
| 700 ## - ADDED ENTRY--PERSONAL NAME | |
| Personal name | Sharma, M.K |
| 9 (RLIN) | 3968 |
| 942 ## - ADDED ENTRY ELEMENTS (KOHA) | |
| Source of classification or shelving scheme | Dewey Decimal Classification |
| Item type | English Books |
| Classification part | 338.5024658 |
| Call number suffix | DWI |
| Withdrawn status | Lost status | Not for loan | Collection code | Home library | Current library | Date acquired | Source of acquisition | Cost, normal purchase price | Full call number | Barcode | Copy number | Cost, replacement price | Koha item type |
|---|---|---|---|---|---|---|---|---|---|---|---|---|---|
| Not For Loan | Non-fiction | D.B.Act.Division | D.B.Act.Division | 02/08/2010 | DBAD/PUB | 240.00 | 338.5024658 DWI | EN-80818 | 1 | 240.00 | English Books |
